| 000 | 00377nam a2200133 a 4500 | ||
|---|---|---|---|
| 005 | 20140513081056.0 | ||
| 008 | 070202s19uu xx 00 eng d | ||
| 050 |
_aVCD _bBl651 2008 |
||
| 245 |
_aBlows its top: _bvolcanoes. |
||
| 260 |
_bScholastic, _aPhilippines : _c2008. |
||
| 440 | _aThe Magic School Bus | ||
| 650 |
_aEruption : volcanoes _xearth's surface. |
||
| 999 |
_c116510 _d116510 |
||